000
00205 a2200097 4500
001
3574
100
_a
Amos, D.W
245
_a
Radio recevers & transmitters
260
_a
_b
Chapman
_c
090
_c
2838
_d
2838
942
_a
NUST-CAE
_c
M
_c
20424
999
_c
238647
_d
238647